Estadística descriptiva y cálculo de probabilidades

Saved in:
Bibliographic Details
Main Authors: Castillo Manrique, Isabel (Author), Guijarro Garvi, Marta (Author)
Format: Book
Language:Spanish
Published: Madrid Pearson Educación 2006
Edition:1a. ed
Subjects:
Tags: Add Tag
No Tags, Be the first to tag this record!

MARC

LEADER 00000nam a2200000 a 4500
001 UCG0468
003 CL-VaPUC
008 100325e20060000SP |||||||||||||||||spa|d
020 |a 8420548065 
082 0 4 |a 519.53  |b CAS  |2 21 
100 0 |a Castillo Manrique, Isabel  |e author  |9 547889 
700 0 |a Guijarro Garvi, Marta  |e author  |9 547890 
245 1 0 |a Estadística descriptiva y cálculo de probabilidades 
250 |a 1a. ed 
300 |a 425 p 
942 |c BK 
945 |d 20100325 00:00:00  |a cmena 
260 |a Madrid  |b Pearson Educación  |c 2006 
650 0 |a Estadística matemática  |9 260028 
650 0 |a Estadística descriptiva  |9 366209 
650 7 |a CALCULO DE PROBABILIDADES  |2 CL-VaPUC  |9 357433 
650 7 |a SERIES DE TIEMPO  |2 CL-VaPUC  |9 424864 
583 |a last modification  |c 20121217 08:58:39  |k Rodrigo Vera 
999 |c 340091  |d 340089 
952 |0 0  |1 0  |4 0  |6 519_530000000000000_CAS_2006  |7 0  |8 A  |9 434579  |a BIBGIM  |b BIBGIM  |d 2019-11-22  |i 4654943  |o 519.53 CAS 2006  |p 4654943  |r 2025-01-15  |w 2019-11-22  |y BK  |k EST 
952 |0 0  |1 0  |4 0  |6 519_530000000000000_CAS_2006  |7 0  |8 A  |9 434580  |a BIBGIM  |b BIBGIM  |d 2019-11-22  |i 4654951  |o 519.53 CAS 2006  |p 4654951  |r 2025-01-15  |w 2019-11-22  |y BK  |k EST 
952 |0 0  |1 0  |4 0  |6 519_530000000000000_CAS_2006  |7 0  |8 A  |9 434581  |a BIBGIM  |b BIBGIM  |d 2019-11-22  |i 465496K  |o 519.53 CAS 2006  |p 465496K  |r 2025-01-15  |w 2019-11-22  |y BK  |k EST 
952 |0 0  |1 0  |4 0  |6 519_530000000000000_CAS_2006  |7 0  |8 A  |9 434582  |a BIBGIM  |b BIBGIM  |d 2019-11-22  |i 4654978  |o 519.53 CAS 2006  |p 4654978  |r 2025-01-15  |w 2019-11-22  |y BK  |k EST 
952 |0 0  |1 0  |4 0  |6 519_530000000000000_CAS_2006  |7 0  |8 A  |9 434583  |a BIBGIM  |b BIBGIM  |d 2019-11-22  |i 4654986  |o 519.53 CAS 2006  |p 4654986  |r 2025-01-15  |w 2019-11-22  |y BK  |k EST